Word Ladder: Google Quiz Stats

 Plays Quiz Updated Mar 12, 2018

Score 0/30 Timer 03:00
1 Play Today
Hint 4-Letter Word % Correct
Swiss cheese featureHOLE
94%
Resident of WarsawPOLE
91.7%
Drained of colorPALE
90.9%
'Easy ____ it'DOES
90.6%
Sunday serviceMASS
89.4%
____ there, done thatBEEN
89%
EnemiesFOES
88.6%
Google's navigation appMAPS
88.4%
Charges for admissionFEES
87.7%
Toothpaste tube topsCAPS
87.1%
Like one end of a swimming poolDEEP
85.8%
Part of a fruit or planetCORE
85.4%
Provide with sustenanceFEED
85.4%
Proof of ownershipDEED
85.2%
Hamill or Cuban, e.g.MARK
82.7%
Hint 4-Letter Word % Correct
2006 Pixar filmCARS
82.5%
Raisin ___ cerealBRAN
82.4%
Mardi Gras accessoryMASK
81.5%
80s hit: '____ on Eileen'COME
80.9%
Relative of nerd or geekDORK
79.9%
Type of turkey meatDARK
79.4%
Google's smart speakerHOME
77.7%
Feature of a marinaDOCK
77.4%
Kind of packageCARE
77.2%
Reflective Chicago landmarkBEAN
77.1%
Google's word processorDOCS
75.1%
Quick-wittedKEEN
60.7%
Google's note-taking appKEEP
58.7%
Google co-founder LarryPAGE
36.3%
Google co-founder SergeyBRIN
31.7%

Today's Daily Dose

Missing Word
Banned Books (A-Z)

Word Ladder
Janis Joplin

Get the Picture
Occupations

You're not logged in!

Compare scores with friends on all Sporcle quizzes.
OR
Log In

Sporcle TV

Today on Sporcle TV


Watch our educational content, quiz creation guides, and fun videos on Sporcle TV.

Show Comments

Extras

Top Quizzes Today


Score Distribution

Your Account Isn't Verified!

In order to create a playlist on Sporcle, you need to verify the email address you used during registration. Go to your Sporcle Settings to finish the process.

Report this User

Report this user for behavior that violates our Community Guidelines.

Details: